| 000 | 00691nam a22002291a 4500 | ||
|---|---|---|---|
| 001 | 31656 | ||
| 003 | BD-RjUL | ||
| 005 | 20211209051730.0 | ||
| 008 | 140421s1962 enk 1 0 eng d | ||
| 035 | _a(BD-RjUL)31744 | ||
| 040 |
_aNUN _beng _cNUN _dBD-RjUL |
||
| 041 | _aeng | ||
| 082 | 0 | 4 |
_a274.2 _bHIC 1962 |
| 100 | 1 |
_aHigham, Florence _d1896- _996332 |
|
| 245 | 1 | 0 |
_aCatholic and reformed : _ba study of the Anglican Church, 1559-1662 / _cFlorence May Greir Evans Higham |
| 260 |
_aLondon : _bS. P. C. K., _cc1962. |
||
| 300 |
_aviii, 358 p. ; _c22 cm. |
||
| 504 | _aIncludes index. | ||
| 610 | 2 | 0 |
_aChurch of England _996337 |
| 650 | 0 |
_aReformation _zEngland. _996334 |
|
| 942 |
_2ddc _cBK |
||
| 999 |
_c31656 _d31656 |
||